Scaling laws for ad hoc wireless networks : an information theoretic approach /

Bibliographic Details
Main Author: Xue, Feng
Corporate Author: NetLibrary, Inc
Other Authors: Kumar, P. R.
Format: eBook
Language:English
Published: Hanover, MA : Now, [2006]
Series:Foundations and trends in networking. v. 1, issue 2.
Subjects:
Online Access:Connect to the full text of this electronic book

MARC

Tag First Indicator Second Indicator Subfields
LEADER 00000cam a2200000Ia 4500
001 in00002381821
005 20190327170813.0
006 m d
007 cr cnu---unuuu
008 060822s2006 mau sb 000 0 eng d
020 |a 1933019832 (electronic bk.) 
035 |a (OCoLC)ocm71009686 
035 |a (OCoLC)71009686 
040 |a N$T  |c N$T  |d UtOrBLW 
049 |a IICC 
050 1 4 |a TK5105.78  |b .X84 2006eb 
082 0 4 |a 004.6/8  |2 22 
100 1 |a Xue, Feng. 
245 1 0 |a Scaling laws for ad hoc wireless networks :  |b an information theoretic approach /  |c Feng Xue, P. R. Kumar. 
264 1 |a Hanover, MA :  |b Now,  |c [2006] 
264 4 |c ©2006 
336 |a text  |b txt  |2 rdacontent 
337 |a computer  |b c  |2 rdamedia 
338 |a online resource  |b cr  |2 rdacarrier 
490 1 |a Foundations and trends in networking,  |x 1554-0588 ;  |v v. 1, issue 2 
538 |a Mode of access: World Wide Web. 
506 |a Made available through NetLibrary; access may be limited to NetLibrary affiliated libraries. 
500 |a Title from eBook title screen (viewed on Aug. 22, 2006.) 
504 |a Includes bibliographical references. 
500 |a Electronic resource. 
650 0 |a Wireless LANs. 
650 0 |a Wireless communication systems. 
655 7 |a Electronic books.  |2 local 
700 1 |a Kumar, P. R. 
710 2 |a NetLibrary, Inc. 
830 0 |a Foundations and trends in networking.  |x 1554-0588 ;  |v v. 1, issue 2. 
856 4 0 |u http://proxy.library.tamu.edu/login?url=http://www.netLibrary.com/urlapi.asp?action=summary&v=1&bookid=162316  |z Connect to the full text of this electronic book  |t 0 
994 |a 92  |b IIC 
999 |a MARS 
999 f f |s 2e7017d7-61f9-3ddc-8196-c0d308f93442  |i a1c07a2f-ba33-32b4-b595-77fd80fe07ed  |t 0 
952 f f |a Texas A&M University  |b College Station  |c Electronic Resources  |d Available Online  |t 0  |e TK5105.78 .X84 2006eb  |h Library of Congress classification 
998 f f |a TK5105.78 .X84 2006eb  |t 0  |l Available Online